5HLuxD.jpg

KING HENRY VIII SENIOR AND PRIMARY SCHOOL LIBRARY OPAC

Harry Potter and the prisoner of Azkaban / (Record no. 3831)

000 -LEADER
fixed length control field 01158cam a2200349 i 4500
001 - CONTROL NUMBER
control field .b26053457
003 - CONTROL NUMBER IDENTIFIER
control field Uk
005 - DATE AND TIME OF LATEST TRANSACTION
control field 20241106092532.0
008 - FIXED-LENGTH DATA ELEMENTS--GENERAL INFORMATION
fixed length control field 140515r20141999enkb j 000 1 eng d
015 ## - NATIONAL BIBLIOGRAPHY NUMBER
National bibliography number GBB468508
020 ## - INTERNATIONAL STANDARD BOOK NUMBER
International Standard Book Number 9781408855676
Qualifying information (pbk.) :
040 ## - CATALOGING SOURCE
Original cataloging agency StDuBDS
Language of cataloging eng
Transcribing agency StDuBDS
Modifying agency Uk
Description conventions rda
Modifying agency NCU
042 ## - AUTHENTICATION CODE
Authentication code nbic
082 04 - DEWEY DECIMAL CLASSIFICATION NUMBER
Classification number FIC ROW
100 1# - MAIN ENTRY--PERSONAL NAME
Personal name Rowling, J. K.,
Relator term author.
245 10 - TITLE STATEMENT
Title Harry Potter and the prisoner of Azkaban /
Statement of responsibility, etc. J.K. Rowling.
260 ## - PUBLICATION, DISTRIBUTION, ETC.
Place of publication, distribution, etc. London :
Name of publisher, distributor, etc. Bloomsbury,
Date of publication, distribution, etc. 2014.
264 #1 - PRODUCTION, PUBLICATION, DISTRIBUTION, MANUFACTURE, AND COPYRIGHT NOTICE
Place of production, publication, distribution, manufacture London :
Name of producer, publisher, distributor, manufacturer Bloomsbury,
Date of production, publication, distribution, manufacture, or copyright notice 2014.
300 ## - PHYSICAL DESCRIPTION
Extent 461 pages :
Other physical details 1 map ;
Dimensions 21 cm.
336 ## - CONTENT TYPE
Content type term text
Source rdacontent.
337 ## - MEDIA TYPE
Media type term unmediated
Source rdamedia.
338 ## - CARRIER TYPE
Carrier type term volume
Source rdacarrier.
500 ## - GENERAL NOTE
General note Originally published: 1999.
500 ## - GENERAL NOTE
General note Formerly CIP.
Institution to which field applies Uk.
600 10 - SUBJECT ADDED ENTRY--PERSONAL NAME
Personal name Potter, Harry
Titles and other words associated with a name (Fictitious character)
Form subdivision Juvenile fiction.
650 #0 - SUBJECT ADDED ENTRY--TOPICAL TERM
Topical term or geographic name entry element Potter, Harry (Fictitious character)
Form subdivision Juvenile fiction.
650 #0 - SUBJECT ADDED ENTRY--TOPICAL TERM
Topical term or geographic name entry element Hogwarts School of Witchcraft and Wizardry (Imaginary organization)
Form subdivision Juvenile fiction.
650 #0 - SUBJECT ADDED ENTRY--TOPICAL TERM
Topical term or geographic name entry element Wizards
Form subdivision Juvenile fiction.
655 #0 - INDEX TERM--GENRE/FORM
Genre/form data or focus term Fantasy fiction.
655 #0 - INDEX TERM--GENRE/FORM
Genre/form data or focus term Children's stories.
942 ## - ADDED ENTRY ELEMENTS (KOHA)
Source of classification or shelving scheme
Koha item type Books - Fiction
Holdings
Withdrawn status Lost status Source of classification or shelving scheme Damaged status Not for loan Collection code Permanent Location Current Location Shelving location Date acquired Total Checkouts Full call number Barcode Date last seen Date last checked out Price effective from Koha item type Total Renewals Date due
          Fiction KH8 Primary School Library KH8 Primary School Library Fiction 2024-11-06 17 FIC ROW KHPL000004531 2026-04-15 2026-04-13 2024-11-06 Books - Fiction    
          Fiction KH8 Primary School Library KH8 Primary School Library Fiction 2024-11-06 11 FIC ROW KHPL000004532 2026-04-09 2026-04-09 2024-11-06 Books - Fiction 2 2026-04-29

Powered By KH8 IT Dept